000 00450pab a2200157 454500
008 180718b2011 xxu||||| |||| 00| 0 eng d
100 _aBehera, B.
245 _aManagement of tourism entrepreneurship in rural Odisha
260 _c2011
300 _ap.209-228.
650 _aTourism
700 _aSuranjika
773 _aJournal of Indian Institute of Public Administration, Regional Branch, Orissa, Bhubaneswar
908 _aN
909 _a91200
999 _c91200
_d91200